Lê triều dã sử
Quyển " Lê triều dã sử " ghi lại những sự kiện lịch sử xã hội thời Lê Trịnh và Tây Sơn từ nhiều góc độ, nhiều quan điểm khác nhau
Salvato in:
| Natura: | Libro |
|---|---|
| Lingua: | Undetermined |
| Pubblicazione: |
Hà Nội
Văn hoá - Thông tin
2006
|
| Tags: |
Aggiungi Tag
Nessun Tag, puoi essere il primo ad aggiungerne! !
|
| Thư viện lưu trữ: | Trung tâm Học liệu Trường Đại học Cần Thơ |
|---|
| LEADER | 00728nam a2200181Ia 4500 | ||
|---|---|---|---|
| 001 | CTU_121085 | ||
| 008 | 210402s9999 xx 000 0 und d | ||
| 020 | |c 17000 | ||
| 082 | |a 959.704 | ||
| 082 | |b L250 | ||
| 245 | 0 | |a Lê triều dã sử | |
| 245 | 0 | |c Nguyễn Huy Thức, Lê Văn Bảy ( sưu tầm, biên dịch ) | |
| 260 | |a Hà Nội | ||
| 260 | |b Văn hoá - Thông tin | ||
| 260 | |c 2006 | ||
| 520 | |a Quyển " Lê triều dã sử " ghi lại những sự kiện lịch sử xã hội thời Lê Trịnh và Tây Sơn từ nhiều góc độ, nhiều quan điểm khác nhau | ||
| 904 | |i Năm | ||
| 980 | |a Trung tâm Học liệu Trường Đại học Cần Thơ | ||